| 000 | 00856nam a2200301 4500 | ||
|---|---|---|---|
| 999 |
_c9815 _d9815 |
||
| 001 | 9815 | ||
| 003 | BD-JhCC | ||
| 005 | 20180401175331.0 | ||
| 008 | 870928s1925 enk h 000 0beng d | ||
| 035 | _a(BD-JhCC)9815 | ||
| 035 | _a(OCoLC)16763032 | ||
| 040 |
_aBD-JhCC _cOrPS _dBD-JhCC |
||
| 041 | _aeng | ||
| 050 | 0 | 0 |
_aPR3412 _b.S6 |
| 082 |
_a821.4 _bDRY 1955 |
||
| 100 | 1 |
_aDryden, John, _d1631-1700. |
|
| 245 | 0 | 0 | _aDryden: poetry & prose, |
| 260 |
_aOxford, _bThe Clarendon press, _c1925. |
||
| 300 |
_axvi, 204 p. _bincl. facsims. front. (port.) _c19 cm. |
||
| 600 | 1 | 0 |
_aDryden, John, _d1631-1700. |
| 650 | _aPoetry | ||
| 700 | 1 |
_aCongreve, William, _d1670-1729. |
|
| 700 | 1 |
_aJohnson, Samuel, _d1709-1784. |
|
| 700 | 1 |
_aScott, Walter, _d1771-1832. |
|
| 700 | 1 |
_aSmith, David Nichol, _d1875-1962. |
|
| 942 |
_2ddc _cBK |
||